Le monde ou l'on s'ennuie : (Record no. 161246)

MARC details
000 -LEADER
campo de control de longitud fija 00599nam a22001695i 4500
001 - NÚMERO DE CONTROL
campo de control 161246
003 - IDENTIFICADOR DE NÚMERO DE CONTROL
campo de control ES-MaACL
005 - FECHA Y HORA DE LA ÚLTIMA TRANSACCIÓN
campo de control 20230906212231.0
008 - DATOS DE LONGITUD FIJA--INFORMACIÓN GENERAL
campo de control de longitud fija 041015s1881 fr |||| | fre d
100 1# - ENTRADA PRINCIPAL--NOMBRE DE PERSONA
Nombre de persona Pailleron, Edouard.
9 (RLIN) 130777
245 13 - MENCIÓN DEL TÍTULO
Título Le monde ou l'on s'ennuie :
Resto del título comédie en trois actes /
Mención de responsabilidad, etc. par Edouard Pailleron.
250 ## - MENCION DE EDICION
Mención de edición 3e éd.
260 ## - PUBLICACIÓN, DISTRIBUCIÓN, ETC.
Lugar de publicación, distribución, etc. Paris :
Nombre del editor, distribuidor, etc. Calmann Levy,
Fecha de publicación, distribución, etc. 1881.
300 ## - DESCRIPCIÓN FÍSICA
Extensión 178 p. ;
Dimensiones 23 cm.
500 ## - NOTA GENERAL
Nota general Reprèsentèe pour la première fois, à Paris, à la Comèdie-Française, le 25 avril 1881.
852 4# - LOCALIZACIÓN
Ubicación ES-MaACL
Número de control de estantería G-15530
Nota libre - Legado Modesto Lafuente
Holdings
Estatus retirado Estado de pérdida Estado de daño No para préstamo Colección Biblioteca de origen Biblioteca actual Ubicación en estantería Fecha de adquisición Fuente de adquisición Total de préstamos Signatura topográfica completa Código de barras Visto por última vez Precio de reemplazo Tipo de ítem Koha
        Libros del s. XIX Biblioteca del Ateneo de Madrid Biblioteca del Ateneo de Madrid Sala Pecera Planta 3 17/01/2008     G-15530 1168894 23/02/2023 23/02/2023 Libro impreso antiguo